[Event "4NCL/Div1/GUI1 vs. WGR1"]
[Site "West Bromwich ENG"]
[Date "2003.05.05"]
[Round "11.6"]
[White "Emms, John M"]
[Black "Gallagher, Joseph G"]
[Result "1/2-1/2"]
[WhiteElo "2515"]
[BlackElo "2515"]
[PlyCount "28"]
[EventDate "2003.05.05"]

1. e4 c5 2. c3 d5 3. exd5 Qxd5 4. d4 g6 5. dxc5 Qxc5 6. Be3 Qa5 7. Bc4 Nf6 8.
Qb3 e6 9. Nf3 Bg7 10. Qa3 Qc7 11. Nbd2 Bf8 12. Qa4+ Bd7 13. Bb5 Bxb5 14. Qxb5+
Nbd7 1/2-1/2

[Event "4NCL/Div1/GUI1 vs. WGR1"]
[Site "West Bromwich ENG"]
[Date "2003.05.05"]
[Round "11.7"]
[White "Cherniaev, Alexander"]
[Black "Turner, Matthew J"]
[Result "1-0"]
[WhiteElo "2501"]
[BlackElo "2519"]
[PlyCount "193"]
[EventDate "2003.05.05"]

1. e4 e5 2. Nf3 Nc6 3. Bb5 a6 4. Ba4 Nf6 5. O-O b5 6. Bb3 Bc5 7. c3 d6 8. d4
Bb6 9. h3 O-O 10. Be3 Rb8 11. Nbd2 h6 12. Re1 Re8 13. Bc2 Bb7 14. a3 exd4 15.
cxd4 Ne7 16. Nh4 Nc6 17. Nhf3 Ne7 18. Bd3 c5 19. d5 Ng6 20. b3 Bc8 21. Qc2 Nh5
22. Bf1 f5 23. exf5 Ne7 24. g4 Nf6 25. Bf4 Nexd5 26. Rxe8+ Nxe8 27. Bg3 Bb7 28.
Re1 Ndf6 29. Nh4 Qd7 30. Ng6 Nc7 31. Bg2 Bxg2 32. Kxg2 Re8 33. Rxe8+ Ncxe8 34.
Ne4 Qb7 {(=)} 35. f3 Nxe4 36. Qxe4 Qxe4 37. fxe4 Bd8 38. Kf3 Bg5 39. e5 dxe5
40. Bxe5 Nf6 41. Bd6 c4 42. bxc4 bxc4 43. Be5 Nd5 44. Ke4 Nb6 45. Bd4 Na4 46.
Ne5 c3 47. Kd3 Bf6 48. Nc6 Bxd4 49. Nxd4 Kf7 50. Kc4 Kf6 51. Kb3 Nc5+ 52. Kxc3
Ne4+ 53. Kb4 Nf2 54. Ka5 Nxh3 55. Kxa6 Nf2 56. Kb7 Nxg4 57. a4 Ne5 58. a5 Nd3
59. Kb6 Nb4 60. Nc6 Nd5+ 61. Kb7 Nc3 62. Nd4 Ke5 63. a6 Kxd4 64. a7 Nb5 65.
a8=Q Nd6+ 66. Kc6 Nxf5 67. Qe8 g5 68. Qe6 Nh4 69. Qxh6 Nf3 70. Qe6 Ne5+ 71. Kd6
Nc4+ 72. Ke7 Ne3 73. Kf6 g4 74. Kg5 g3 75. Kf4 Nd5+ 76. Kxg3 Nc3 77. Kf4 Nd5+
78. Kf3 Nc3 79. Qd6+ Nd5 80. Qd8 Ke5 81. Qh8+ Kf5 82. Qh5+ Ke6 83. Qg5 Nf6 84.
Qc5 Nd5 85. Ke4 Nf6+ 86. Kd4 Kf7 87. Qf5 Ke7 88. Qc8 Nd7 89. Qc6 Nf6 90. Ke5
Nd7+ 91. Kf5 Nf8 92. Qc5+ Ke8 93. Qc7 Nd7 94. Ke6 Nf8+ 95. Kd6 Ng6 96. Qg7 Nf8
97. Qe7# 1-0

[Event "4NCL/Div1/GUI1 vs. WGR1"]
[Site "West Bromwich ENG"]
[Date "2003.05.05"]
[Round "11.8"]
[White "Hunt, Harriet"]
[Black "Flear, Glenn C"]
[Result "1/2-1/2"]
[WhiteElo "2393"]
[BlackElo "2509"]
[PlyCount "111"]
[EventDate "2003.05.05"]

1. e4 e5 2. Nf3 Nc6 3. Bb5 a6 4. Ba4 Nf6 5. O-O Nxe4 6. d4 b5 7. Bb3 d5 8. dxe5
Be6 9. Nbd2 Nc5 10. c3 Bg4 11. Bc2 Ne6 12. Re1 Bc5 13. Nf1 Bh5 14. a4 b4 15.
Ng3 Bg6 16. Nf5 bxc3 17. bxc3 Ne7 18. N5d4 O-O 19. Be3 Bxd4 20. Nxd4 Bxc2 21.
Qxc2 Qd7 22. Rad1 Rfd8 23. Ne2 c5 24. f4 g6 25. Ng3 Qc6 26. f5 Nxf5 27. Nxf5
gxf5 28. Qxf5 Ng7 29. Qf2 Qxa4 30. Bxc5 Rac8 31. Be7 Re8 32. Bf6 Qg4 33. Rd4
Qg6 34. Qf3 Rc4 35. Qxd5 Rxc3 36. Qd7 Re6 37. Qa4 h5 38. Rd2 Rec6 39. Red1 Kh7
40. Qb4 Rc2 41. g3 Rxd2 42. Qxd2 Ne6 43. Rf1 Qe4 44. Qd7 Qd4+ 45. Qxd4 Nxd4 46.
Rd1 Ne6 47. Rd7 Kg6 48. Ra7 Rc1+ 49. Kf2 Rc2+ 50. Ke3 Ra2 51. h3 Ra3+ 52. Ke4
a5 53. g4 hxg4 54. hxg4 Rg3 55. Rxa5 Rxg4+ 56. Ke3 1/2-1/2

[Event "4NCL/Div1/AD1 vs. WGR2"]
[Site "West Bromwich ENG"]
[Date "2003.05.05"]
[Round "11.1"]
[White "Chandler, Murray G"]
[Black "Martin, Andrew D"]
[Result "1/2-1/2"]
[WhiteElo "2517"]
[BlackElo "2426"]
[PlyCount "77"]
[EventDate "2003.05.05"]

1. e4 e5 2. Nf3 Nc6 3. Bb5 a6 4. Ba4 Nf6 5. O-O Be7 6. Re1 b5 7. Bb3 d6 8. c3
O-O 9. d4 Bg4 10. d5 Na5 11. Bc2 c6 12. h3 Bd7 13. Nxe5 dxe5 14. d6 Be6 15.
dxe7 Qxe7 16. Nd2 c5 17. Nf3 Qc7 18. Nh4 Ne8 19. Nf5 f6 20. Qf3 Rd8 21. Rd1
Rxd1+ 22. Bxd1 Nd6 23. b3 Rd8 24. Be3 Nxf5 25. exf5 Bd5 26. Qg4 Nb7 27. Bc2 Rd7
28. a4 Bc6 29. axb5 axb5 30. Ra6 Rd6 31. Ra7 Qb6 32. Ra8+ Rd8 33. Ra1 Qc7 34.
Ra6 Bd5 35. Rxf6 Ra8 36. Rh6 Ra2 37. Be4 Bxe4 38. Rxh7 Kxh7 39. Qh5+ 1/2-1/2

[Event "4NCL/Div1/AD1 vs. WGR2"]
[Site "West Bromwich ENG"]
[Date "2003.05.05"]
[Round "11.2"]
[White "Littlewood, Paul E"]
[Black "Hennigan, Michael T"]
[Result "1/2-1/2"]
[WhiteElo "2399"]
[BlackElo "2434"]
[PlyCount "84"]
[EventDate "2003.05.05"]

1. e4 c5 2. Nf3 Nc6 3. Bb5 e6 4. O-O Nge7 5. c3 a6 6. Ba4 b5 7. Bc2 Bb7 8. Re1
Rc8 9. d3 d5 10. Nbd2 Ng6 11. exd5 Qxd5 12. Ne4 Be7 13. Bb3 Qd7 14. Nfg5 Na5
15. Bc2 h6 16. Nh3 O-O 17. Nf4 Nxf4 18. Bxf4 e5 19. Bxe5 Qd5 20. b4 cxb4 21.
cxb4 Qxe5 22. bxa5 Qd4 23. Bb3 Kh8 24. Qh5 f5 25. Ng3 Bb4 26. Rf1 f4 27. Ne2
Qxd3 28. Rad1 Qe4 29. Bd5 Bxd5 30. Rxd5 Bxa5 31. Nd4 Rcd8 32. Rxd8 Rxd8 33. Nf3
Qd5 34. Qg6 Qxa2 35. Qxa6 b4 36. Ne5 Qd5 37. Ng6+ Kh7 38. Nxf4 Qa8 39. Qg6+ Kh8
40. Qc2 Qa7 41. g3 Qf7 42. Qc5 Bc7 1/2-1/2

[Event "4NCL/Div1/AD1 vs. WGR2"]
[Site "West Bromwich ENG"]
[Date "2003.05.05"]
[Round "11.3"]
[White "Cooper, Lawrence"]
[Black "Levitt, Jonathan P"]
[Result "1/2-1/2"]
[WhiteElo "2331"]
[BlackElo "2419"]
[PlyCount "34"]
[EventDate "2003.05.05"]

1. e4 e6 2. d4 d5 3. Nd2 c5 4. exd5 Qxd5 5. Ngf3 cxd4 6. Bc4 Qd6 7. O-O Nf6 8.
Nb3 Nc6 9. Nbxd4 Nxd4 10. Nxd4 a6 11. Re1 Qc7 12. Bb3 Bd6 13. h3 O-O 14. Bg5 b5
15. c3 Bb7 16. Bc2 Nd5 17. Be4 Bh2+ 1/2-1/2

[Event "4NCL/Div1/AD1 vs. WGR2"]
[Site "West Bromwich ENG"]
[Date "2003.05.05"]
[Round "11.4"]
[White "Tiller, Bjorn"]
[Black "Richardson, John R"]
[Result "1-0"]
[WhiteElo "2380"]
[BlackElo "2312"]
[PlyCount "105"]
[EventDate "2003.05.05"]

1. e4 d5 2. exd5 Qxd5 3. Nc3 Qa5 4. g3 Nf6 5. Bg2 c6 6. Nge2 Bf5 7. b4 Qc7 8.
d3 e6 9. Rb1 Nbd7 10. O-O Be7 11. a4 Rc8 12. Bd2 O-O 13. a5 Rfd8 14. Qc1 Nb8
15. Qb2 b6 16. axb6 axb6 17. Ra1 Nd5 18. Ne4 c5 19. bxc5 bxc5 20. Ba5 Qd7 21.
Bxd8 Qxd8 22. Ra8 Nb6 23. Ra2 c4 24. Rb1 cxd3 25. cxd3 N8d7 26. Ra6 Nd5 27. Qd4
Nc5 28. Ra2 Nf6 29. Rc2 Ncd7 30. Rxc8 Qxc8 31. Rc1 Qb8 32. Qc3 h6 33. Nd4 Bf8
34. Nxf5 exf5 35. Nxf6+ Nxf6 36. h3 Qb5 37. Ra1 Kh7 38. Qc4 Qd7 39. Rb1 Kg6 40.
Rb7 Qe8 41. d4 h5 42. Qc7 h4 43. Qe5 Qc8 44. gxh4 Qc1+ 45. Bf1 Qc2 46. Qg3+ Kh7
47. Qd3 Qc8 48. Rxf7 Bd6 49. Qe3 Kg8 50. Qb3 Kh8 51. Rb7 Qc1 52. Qf7 Qh6 53.
Bd3 1-0

[Event "4NCL/Div1/AD1 vs. WGR2"]
[Site "West Bromwich ENG"]
[Date "2003.05.05"]
[Round "11.5"]
[White "Alfred, Nathan SW"]
[Black "Law, Andrew P"]
[Result "1/2-1/2"]
[WhiteElo "2325"]
[BlackElo "2320"]
[PlyCount "153"]
[EventDate "2003.05.05"]

1. d4 Nf6 2. Nf3 d5 3. c4 e6 4. Nc3 c6 5. Bg5 Nbd7 6. cxd5 exd5 7. e3 Be7 8.
Bd3 h6 9. Bh4 O-O 10. Qc2 Re8 11. h3 Ne4 12. Bxe7 Qxe7 13. O-O Nf8 14. b4 Ng6
15. b5 Nh4 16. Nxh4 Qxh4 17. bxc6 bxc6 18. Nxe4 dxe4 19. Bc4 c5 20. Rfd1 cxd4 {
(=)} 21. Rxd4 Qg5 22. Kh2 Qe5+ 23. g3 Bf5 24. Rad1 Rac8 25. Qb3 Be6 26. Bxe6
Rxe6 27. Qb7 Rc2 28. R1d2 Rxd2 29. Rxd2 Re7 30. Qd5 g6 31. Qxe5 Rxe5 32. Rd4 h5
33. Ra4 a5 34. g4 hxg4 35. hxg4 Kg7 36. Kg3 Kf6 37. Rc4 g5 38. Kg2 Ke6 39. Kf1
f6 40. Rc6+ Ke7 41. a4 Rd5 42. Ke2 Kf7 43. Rc4 Re5 44. Kd2 f5 45. gxf5 Rxf5 46.
Ke2 Re5 47. Rc6 Ke7 48. Kf1 Kd7 49. Ra6 Rc5 50. Kg2 Ke7 51. Kg3 Rf5 52. Rc6
Rf3+ 53. Kg2 Rf5 54. Rc4 Re5 55. Kg3 Kf6 56. Kg4 Kg6 57. Rc6+ Kf7 58. Rb6 Rd5
59. Ra6 Rc5 60. Ra7+ Kf6 61. Ra6+ Kf7 62. Rd6 Re5 63. Rd4 Kf6 64. Rd7 Rc5 65.
Ra7 Rd5 66. Ra8 Kf7 67. Rh8 Rc5 68. Rh6 Rd5 69. Rc6 Re5 70. Rc4 Kf6 71. Rd4 Kf7
72. Kh5 Kf6 73. Rd6+ Kf7 74. Rg6 Rf5 75. Rxg5 Rxf2 76. Re5 Kf6 77. Rxe4 1/2-1/2

[Event "4NCL/Div1/AD1 vs. WGR2"]
[Site "West Bromwich ENG"]
[Date "2003.05.05"]
[Round "11.6"]
[White "Tan, Desmond"]
[Black "Lyell, Mark"]
[Result "1-0"]
[WhiteElo "2307"]
[BlackElo "2242"]
[PlyCount "81"]
[EventDate "2003.05.05"]

1. e4 e5 {(=)} 2. Nf3 Nc6 3. Bb5 f5 4. Nc3 fxe4 5. Nxe4 Nf6 6. Qe2 d5 7. Nxf6+
gxf6 8. d4 Bg7 9. dxe5 O-O 10. Bxc6 bxc6 11. e6 Qd6 12. O-O c5 13. Rd1 f5 14.
c3 Ba6 15. Qd2 c6 16. Qf4 Qxe6 17. Re1 Qg6 18. Be3 Qg4 19. Qc7 Rf7 20. Qa5 Bd3
21. h3 Qh5 22. Qxc5 Be4 23. Nd2 Bxg2 24. Kxg2 f4 25. Bd4 f3+ 26. Kh2 Qg5 27.
Rg1 Qxd2 28. Qd6 Re8 29. Rad1 Qe2 30. Qh6 Ree7 31. Qxc6 Qe4 32. Qc8+ Re8 33.
Qg4 Qxg4 34. Rxg4 Kf8 35. Rxg7 Rxg7 36. Bxg7+ Kxg7 37. Rxd5 Re2 38. Kg3 Rxb2
39. Rd7+ Kf6 40. Rxa7 Rc2 41. Ra3 1-0

[Event "4NCL/Div1/AD1 vs. WGR2"]
[Site "West Bromwich ENG"]
[Date "2003.05.05"]
[Round "11.7"]
[White "Anderton, David W"]
[Black "Sowray, Peter J"]
[Result "0-1"]
[WhiteElo "2257"]
[BlackElo "2314"]
[PlyCount "54"]
[EventDate "2003.05.05"]

1. d4 d5 2. c4 e6 3. Nc3 c6 4. e3 Nf6 5. Nf3 Nbd7 6. Qc2 Bd6 7. b3 O-O 8. Be2
b6 9. O-O Bb7 10. e4 dxe4 11. Nxe4 Nxe4 12. Qxe4 Nf6 13. Qh4 c5 14. dxc5 Bxc5
15. Bb2 Ne4 16. Qg4 g6 17. Qf4 f6 18. Rad1 Qe7 19. Bd3 e5 20. Qh4 Nxf2 21. Rxf2
Rad8 22. Bc2 Rxd1+ 23. Bxd1 Qd6 24. Bc2 Bxf3 25. gxf3 Qd2 26. Kg2 Bxf2 27. Qxf2
Rd8 0-1

[Event "4NCL/Div1/AD1 vs. WGR2"]
[Site "West Bromwich ENG"]
[Date "2003.05.05"]
[Round "11.8"]
[White "Jackson, Sheila"]
[Black "Bellin, Jana"]
[Result "1/2-1/2"]
[WhiteElo "2173"]
[BlackElo "2203"]
[PlyCount "26"]
[EventDate "2003.05.05"]

1. e4 c5 {(=)} 2. c3 Qa5 3. Nf3 Nc6 4. Na3 e6 5. Nc4 Qc7 6. d4 cxd4 7. cxd4 d5
8. exd5 exd5 9. Ne3 Nf6 10. a3 g6 11. Qb3 Bg7 12. Bb5 O-O 13. O-O Be6 1/2-1/2

[Event "4NCL/Div1/PYO vs. SWD1"]
[Site "West Bromwich ENG"]
[Date "2003.05.05"]
[Round "11.1"]
[White "Haslinger, Stewart"]
[Black "Cobb, James E"]
[Result "1-0"]
[WhiteElo "2385"]
[BlackElo "2318"]
[PlyCount "71"]
[EventDate "2003.05.05"]

1. e4 e6 2. d4 d5 3. e5 c5 4. c3 Nc6 5. Nf3 Bd7 6. Be2 Nge7 7. Na3 Ng6 8. h4
cxd4 9. cxd4 Be7 10. Bg5 O-O 11. Bxe7 Qxe7 12. Qd2 f6 13. h5 Nh8 14. exf6 Rxf6
15. Nc2 Raf8 16. Ne3 Rf4 17. O-O-O Qf6 18. Rh3 Nf7 19. g4 Nd6 20. Nf5 Rxf3 21.
Bxf3 exf5 22. Bxd5+ Kh8 23. g5 Qe7 24. h6 g6 25. Qf4 Ne4 26. Re3 Nb4 27. Bb3
Rc8+ 28. Kb1 Bb5 29. d5 Bd3+ 30. Rdxd3 Nxd3 31. Rxd3 Nd6 32. Qd4+ Kg8 33. Re3
Qd7 34. Qf6 Rc7 35. Re6 Ne8 36. Rxe8+ 1-0

[Event "4NCL/Div1/PYO vs. SWD1"]
[Site "West Bromwich ENG"]
[Date "2003.05.05"]
[Round "11.2"]
[White "Dineley, Richard DP"]
[Black "Taylor, Martin R"]
[Result "1/2-1/2"]
[WhiteElo "2265"]
[BlackElo "2300"]
[PlyCount "81"]
[EventDate "2003.05.05"]

1. e4 e5 2. Nf3 Nc6 3. Bb5 a6 4. Bxc6 dxc6 5. O-O Bd6 6. d4 exd4 7. Qxd4 f6 8.
c4 c5 9. Qe3 Ne7 10. b3 O-O 11. Ba3 b6 12. Nc3 Qe8 13. Rad1 Qh5 14. Ne2 Bb7 15.
Ng3 Qg4 16. h3 Qe6 17. Nh4 g5 18. Nf3 g4 19. hxg4 Qxg4 20. Nh2 Qg6 21. Bb2 Rae8
22. Rfe1 Nc6 23. Nhf1 Nb4 24. Qf3 Nxa2 25. Nf5 Be5 26. Bxe5 fxe5 27. Rd7 Bxe4
28. Qxe4 Qxf5 29. Qxf5 Rxf5 30. Rxc7 Nb4 31. Rd1 Rf7 32. Rdd7 Ref8 33. Ne3 Rxd7
34. Rxd7 Rf7 35. Rd6 Rb7 36. Nd5 Nxd5 37. Rxd5 Re7 38. Rd6 Rb7 39. Re6 Kf7 40.
Rxe5 Kf6 41. Rh5 1/2-1/2

[Event "4NCL/Div1/PYO vs. SWD1"]
[Site "West Bromwich ENG"]
[Date "2003.05.05"]
[Round "11.3"]
[White "Bigg, Andrew J"]
[Black "James, David J"]
[Result "1-0"]
[WhiteElo "2292"]
[BlackElo "2253"]
[PlyCount "47"]
[EventDate "2003.05.05"]

1. d4 Nf6 2. Bg5 Ne4 3. h4 h6 4. Bf4 e6 5. Nd2 Nxd2 6. Qxd2 d5 7. Nf3 b6 8.
O-O-O Ba6 9. g4 Nd7 10. g5 Bd6 11. Bg2 hxg5 12. hxg5 Rxh1 13. Rxh1 Qe7 14. Ne5
Nf8 15. e4 Bb7 16. exd5 exd5 17. Bh3 Ne6 18. Re1 Kf8 19. Rh1 g6 20. Qe3 Kg7 21.
Bg4 Nxf4 22. Qxf4 Bxe5 23. dxe5 Re8 24. e6 1-0

[Event "4NCL/Div1/PYO vs. SWD1"]
[Site "West Bromwich ENG"]
[Date "2003.05.05"]
[Round "11.4"]
[White "Jones, Richard S"]
[Black "Broomfield, Matthew"]
[Result "1-0"]
[WhiteElo "2246"]
[BlackElo "2255"]
[PlyCount "143"]
[EventDate "2003.05.05"]

1. e4 Nf6 2. e5 Nd5 3. d4 d6 4. Nf3 g6 5. Bc4 c6 6. h3 Bg7 7. O-O O-O 8. exd6
exd6 9. Bg5 Nf6 10. Bb3 b5 11. Nbd2 Nbd7 12. c4 bxc4 13. Nxc4 Nb6 14. Rc1 Ba6
15. Re1 Bxc4 16. Bxc4 Qd7 17. Ba6 Nfd5 18. a3 h6 19. Be3 Ne7 20. Nd2 f5 21. f3
f4 22. Bf2 Nf5 23. Nc4 Nxc4 24. Rxc4 Rab8 25. d5 c5 26. b4 Rb6 27. b5 Nd4 28.
a4 Qf7 29. Qd3 Qxd5 30. a5 Rbb8 31. b6 Qf7 32. Rxc5 dxc5 33. Bc4 axb6 34. axb6
Rxb6 35. Bxf7+ Rxf7 36. Qc4 Rbb7 37. Qxc5 Nf5 38. Rd1 Kh7 39. Qc4 g5 40. Rd5
Rb1+ 41. Kh2 Rb2 {(=)} 42. Qe4 Rxf2 43. Rxf5 Rxf5 44. Qxf5+ Kg8 45. h4 Re2 46.
hxg5 hxg5 47. Qxg5 Re6 48. Qd5 Kf7 49. Kh3 Be5 50. Kg4 Kf6 51. Qd8+ Re7 52. Kh5
Ke6 53. Qg8+ Kd6 54. Kg6 Kd7 55. Qd5+ Bd6 56. Kf6 Re3 57. Qb7+ Bc7 58. Qb5+ Kd8
59. Qg5 Kd7 60. Kf7 Bd6 61. Qb5+ Kc7 {(=)} 62. Qa5+ Kd7 63. g4 Re5 64. Qa4+ Kc7
65. Kf6 Rc5 66. g5 Be5+ 67. Kf7 Rc6 68. Qa5+ Kd6 69. Qd8+ Kc5 70. g6 Rb6 71.
Qe7+ Bd6 72. Qg5+ 1-0

[Event "4NCL/Div1/PYO vs. SWD1"]
[Site "West Bromwich ENG"]
[Date "2003.05.05"]
[Round "11.5"]
[White "Rendle, Thomas E"]
[Black "Zeidler, Sven P"]
[Result "1/2-1/2"]
[WhiteElo "2253"]
[BlackElo "2265"]
[PlyCount "66"]
[EventDate "2003.05.05"]

1. e4 d5 2. exd5 Qxd5 3. Nc3 Qd6 4. d4 Nf6 5. Bc4 a6 6. Nf3 Nc6 7. h3 e6 8. O-O
Be7 9. Ne2 O-O 10. a4 e5 11. dxe5 Nxe5 12. Nxe5 Qxe5 13. c3 Bd7 14. Qb3 b5 15.
axb5 Bxb5 16. Bf4 Qc5 17. Bxb5 axb5 18. Nd4 Nd5 19. Bg3 b4 20. Nf5 Bf6 21. cxb4
Nxb4 22. Rxa8 Rxa8 23. Qf3 Qd5 24. Qg4 h5 25. Nh6+ Kh7 26. Qxb4 Kxh6 27. Bxc7
Ra2 28. Qf4+ Kh7 29. b4 Bd4 30. Qd6 Qc4 31. Bb6 Bxb6 32. Qxb6 Rb2 {(=)} 33. Qa5
g6 1/2-1/2

[Event "4NCL/Div1/PYO vs. SWD1"]
[Site "West Bromwich ENG"]
[Date "2003.05.05"]
[Round "11.6"]
[White "Trevelyan, John"]
[Black "Woodward, Timothy DM"]
[Result "1/2-1/2"]
[WhiteElo "2191"]
[BlackElo "2250"]
[PlyCount "58"]
[EventDate "2003.05.05"]

1. Nc3 d5 2. e4 c6 3. Nf3 Bg4 4. h3 Bh5 5. exd5 cxd5 6. Bb5+ Nc6 7. g4 Bg6 8.
Ne5 Rc8 9. d4 e6 10. Bf4 Bd6 11. Nxg6 hxg6 12. Qd2 a6 13. Bxc6+ Rxc6 14. Ne2
Qc7 15. c3 Nf6 16. f3 Nd7 17. Kf2 Nb6 18. Bxd6 Qxd6 19. Nc1 Nc4 20. Qe2 f6 21.
Nd3 O-O 22. Rae1 Re8 23. f4 Rc7 24. Kg2 Rce7 25. Rhf1 Qc7 26. Rf3 Nd6 27. Re3
Nc4 28. Rf3 Nd6 29. Re3 Nc4 1/2-1/2

[Event "4NCL/Div1/PYO vs. SWD1"]
[Site "West Bromwich ENG"]
[Date "2003.05.05"]
[Round "11.7"]
[White "Gilbert, Jessie"]
[Black "Saunders, John C"]
[Result "0-1"]
[WhiteElo "2113"]
[BlackElo "2187"]
[PlyCount "62"]
[EventDate "2003.05.05"]

1. d4 Nf6 2. c4 g6 3. Nc3 Bg7 4. e4 d6 5. f3 O-O 6. Bg5 c5 7. d5 Qa5 8. Qd2 a6
9. a4 e6 10. Ra3 exd5 11. cxd5 Re8 12. Bd3 Nbd7 13. Bf4 Ne5 14. Bxe5 Rxe5 15.
Nge2 Re8 16. Nb1 Qc7 17. O-O c4 18. Bc2 Qb6+ 19. Kh1 Qxb2 20. a5 Nd7 21. Ba4 b5
22. axb6 Qxb6 23. Qc2 Qc5 24. Rc1 Rb8 25. Nec3 Re7 26. Bxd7 Rxd7 27. Ra4 Rdb7
28. Ra2 Rb4 29. Nd2 Bd7 30. Nd1 c3 31. Nb1 Bh6 0-1

[Event "4NCL/Div1/PYO vs. SWD1"]
[Site "West Bromwich ENG"]
[Date "2003.05.05"]
[Round "11.8"]
[White "Cast, Abigail"]
[Black "Timms, Nicholas D"]
[Result "0-1"]
[WhiteElo "2114"]
[BlackElo "2102"]
[PlyCount "62"]
[EventDate "2003.05.05"]

1. d4 d5 2. c4 Nf6 3. Nc3 e6 4. Bg5 Be7 5. cxd5 Nxd5 6. Bxe7 Qxe7 7. e3 O-O 8.
Nf3 b6 9. Bd3 Bb7 10. O-O Nd7 11. Re1 Nxc3 12. bxc3 Qa3 13. Ng5 h6 14. Nh3 Rac8
15. Qb3 Qd6 16. e4 c5 17. e5 Qe7 18. Bc4 Qh4 19. d5 exd5 20. Bxd5 c4 21. Qd1
Bxd5 22. Qxd5 Nc5 23. Rad1 Rfd8 24. Qf3 Rd3 25. Rxd3 cxd3 26. Nf4 Rd8 27. Rd1
d2 28. Nd5 Ne4 29. g3 Ng5 30. Ne7+ Kh8 31. Qe3 Qh5 0-1

[Event "4NCL/Div1/BAR2 vs. SLO1"]
[Site "West Bromwich ENG"]
[Date "2003.05.05"]
[Round "11.1"]
[White "D'Costa, Lorin AR"]
[Black "Wells, Peter K"]
[Result "0-1"]
[WhiteElo "2289"]
[BlackElo "2487"]
[PlyCount "52"]
[EventDate "2003.05.05"]

1. d4 Nf6 2. c4 e6 3. Nf3 d5 4. Nc3 dxc4 5. e3 a6 6. Bxc4 b5 7. Bb3 Bb7 8. O-O
c5 9. Qe2 Nbd7 10. Rd1 Qc7 11. d5 c4 12. dxe6 fxe6 13. Bc2 Bd6 14. e4 O-O 15.
Bg5 Ne5 16. Nd4 Neg4 17. g3 Nxf2 18. Nxe6 Nh3+ 19. Kg2 Qe7 20. Nxg7 Qxg7 21.
Bxf6 Rxf6 22. Kxh3 Rh6+ 23. Kg2 Rxh2+ 24. Kxh2 Qxg3+ 25. Kh1 Qh3+ 26. Kg1 Bc5+
0-1

[Event "4NCL/Div1/BAR2 vs. SLO1"]
[Site "West Bromwich ENG"]
[Date "2003.05.05"]
[Round "11.2"]
[White "Houska, Jovanka"]
[Black "Dishman, Stephen"]
[Result "1-0"]
[WhiteElo "2386"]
[BlackElo "2296"]
[PlyCount "81"]
[EventDate "2003.05.05"]

1. e4 c5 2. Nc3 Nc6 3. g3 g6 4. Bg2 Bg7 5. d3 d6 6. Be3 Nf6 7. h3 e5 8. Qd2 O-O
9. Bh6 Nd4 10. Bxg7 Kxg7 11. Nd1 b5 12. c3 Nc6 13. Ne3 b4 14. Ne2 bxc3 15. bxc3
Rb8 16. O-O Nh5 17. Kh2 Ne7 18. f4 exf4 19. Nxf4 Nxf4 20. Rxf4 Be6 21. Raf1 f6
22. Nd5 Bxd5 23. exd5 Ng8 24. Re1 Re8 25. Re6 Rb7 26. Ra4 Rbe7 27. Qf4 Rxe6 28.
dxe6 a5 29. Qc4 Qb6 30. Ra3 Qc7 31. Qb5 Rxe6 32. Rxa5 Re3 33. Qa4 Ne7 34. Ra7
Qc8 35. Qd7 Qxd7 36. Rxd7 Kf8 37. Rxd6 Nf5 38. Rd7 h5 39. a4 Nxg3 40. a5 h4 41.
a6 1-0

[Event "4NCL/Div1/BAR2 vs. SLO1"]
[Site "West Bromwich ENG"]
[Date "2003.05.05"]
[Round "11.3"]
[White "Berry, Neil"]
[Black "Wohl, Aleksandar H"]
[Result "0-1"]
[WhiteElo "2293"]
[BlackElo "2401"]
[PlyCount "96"]
[EventDate "2003.05.05"]

1. Nf3 b6 2. e4 Bb7 3. Nc3 e6 4. d4 Ne7 5. Bd3 d6 6. O-O h6 7. Ne2 g6 8. Ng3
Bg7 9. Be3 c5 10. c3 Nbc6 11. Qd2 a6 12. b4 cxd4 13. cxd4 d5 14. e5 Nf5 15. a3
Nxe3 16. fxe3 O-O 17. Rac1 Ne7 18. Rfe1 Bc6 19. Qe2 Qd7 20. Rc3 Bb5 21. Rec1
Bxd3 22. Qxd3 Rfc8 23. Ne2 a5 24. Rxc8+ Rxc8 25. Rxc8+ Qxc8 26. bxa5 bxa5 27.
Qb5 Qc2 28. Kf2 a4 29. Qc5 Qxc5 30. dxc5 Nc6 31. Nc3 Nxe5 32. Nxe5 Bxe5 33.
Nxa4 Kf8 34. h3 Ke8 35. Nb6 Kd8 36. Kf3 Bb2 37. e4 Bxa3 38. exd5 Bxc5 39. Na4
Bd4 40. dxe6 fxe6 41. h4 Kd7 42. Ke4 e5 43. h5 g5 44. Kd5 Ke7 45. Nc5 Bxc5 46.
Kxc5 Kf6 47. Kd5 Kf5 48. g3 g4 0-1

[Event "4NCL/Div1/BAR2 vs. SLO1"]
[Site "West Bromwich ENG"]
[Date "2003.05.05"]
[Round "11.4"]
[White "McNab, Colin A"]
[Black "Cox, John J"]
[Result "0-1"]
[WhiteElo "2412"]
[BlackElo "2316"]
[PlyCount "85"]
[EventDate "2003.05.05"]

1. c4 e6 2. Nf3 Nf6 3. g3 d5 4. b3 dxc4 5. bxc4 e5 6. Bb2 e4 7. Nd4 Be7 8. Bg2
O-O 9. O-O Re8 10. Nc2 Bf5 11. Ne3 Bg6 12. Nc3 Bc5 13. Ncd5 Nxd5 14. cxd5 Nd7
15. Qb3 Nb6 16. Rac1 Bd6 17. f4 exf3 18. Bxf3 Qg5 19. Rf2 Re7 {(=)} 20. a4 a5
21. Bd4 Bb4 22. d6 Bxd6 23. Bxb6 cxb6 24. Qxb6 Bb4 25. Nd5 Rd7 26. Nxb4 Qxd2
27. Rc4 axb4 28. Bxb7 Re8 29. Bc6 Rd6 30. Rxb4 Qc1+ 31. Rf1 Qxc6 32. a5 h6 33.
Qxc6 Rxc6 34. Re1 Ra6 35. Ra4 Re5 36. Kf2 Raxa5 37. Rb4 Rab5 38. Rd4 Rbd5 39.
Rb4 Kh7 40. h4 Bf5 41. Kf3 h5 42. e4 Bg4+ 43. Kf4 0-1

[Event "4NCL/Div1/BAR2 vs. SLO1"]
[Site "West Bromwich ENG"]
[Date "2003.05.05"]
[Round "11.5"]
[White "Rogers, Jonathan W"]
[Black "Devereaux, Maxim"]
[Result "1/2-1/2"]
[WhiteElo "2346"]
[BlackElo "2305"]
[PlyCount "92"]
[EventDate "2003.05.05"]

1. d4 d5 2. Nf3 Nf6 3. Bg5 Ne4 4. Bf4 c5 5. dxc5 Qa5+ 6. Nbd2 Nc6 7. e3 Bg4 8.
Be2 e6 9. Nd4 Bxe2 10. Qxe2 Nxd2 11. Qxd2 Qxc5 12. O-O Be7 13. Nb3 Qc4 14. Rfe1
O-O 15. Qe2 Rfd8 16. Rad1 Qa4 17. Nd4 Rac8 18. c3 a6 19. a3 Bf6 20. Qh5 b5 21.
Bg5 Bxg5 22. Qxg5 h6 23. Qh5 a5 24. h3 Nxd4 25. Rxd4 Rc4 26. Rg4 Qb3 27. e4
Rxe4 28. Rexe4 dxe4 29. Qe5 Qd1+ 30. Kh2 Qd6 31. Rxe4 f6 32. Qg3 Qxg3+ 33. Kxg3
Rd3+ 34. f3 Rd2 35. b4 axb4 36. Rxb4 Rc2 37. Rxb5 Rxc3 38. Ra5 Rc2 39. h4 Kf7
40. Ra7+ Kg6 41. h5+ Kh7 42. a4 Rc5 43. Kh4 Rc2 44. Kh3 Rc5 45. Kh4 Rc2 46. Kh3
Rc5 1/2-1/2

[Event "4NCL/Div1/BAR2 vs. SLO1"]
[Site "West Bromwich ENG"]
[Date "2003.05.05"]
[Round "11.6"]
[White "Armstrong, Malcolm J"]
[Black "Trent, Lawrence"]
[Result "0-1"]
[WhiteElo "2151"]
[BlackElo "2257"]
[PlyCount "80"]
[EventDate "2003.05.05"]

1. d4 Nf6 2. Nf3 g6 3. g3 Bg7 4. Bg2 O-O 5. c4 d6 6. Nc3 Nc6 7. O-O a6 8. e4
Bg4 9. Be3 Re8 10. h3 Bxf3 11. Bxf3 e5 12. d5 Nd4 13. Bg2 c5 14. Qd3 Nh5 15.
Rab1 Rc8 16. Ne2 Qa5 17. a3 b5 18. Rfc1 Rb8 19. Nxd4 exd4 20. Bd2 bxc4 21. Bxa5
cxd3 22. Bc7 Rbc8 23. Bxd6 c4 24. g4 c3 25. gxh5 d2 26. Rc2 d3 27. Rxc3 Bxc3
28. bxc3 Rxc3 29. Bf4 f5 30. Bxd2 Rc2 31. Rd1 fxe4 32. hxg6 hxg6 33. Be3 Kf7
34. Bd4 Rec8 35. Be3 R8c4 36. f3 Re2 37. Bg5 d2 38. Rxd2 Rc1+ 39. Kh2 exf3 40.
Kg3 fxg2 0-1

[Event "4NCL/Div1/BAR2 vs. SLO1"]
[Site "West Bromwich ENG"]
[Date "2003.05.05"]
[Round "11.7"]
[White "Coleman, David"]
[Black "de Coverly, Roger"]
[Result "1-0"]
[WhiteElo "2239"]
[BlackElo "2091"]
[PlyCount "101"]
[EventDate "2003.05.05"]

1. e4 e5 2. Nf3 Nc6 3. d4 exd4 4. Bc4 d6 5. Nxd4 Nf6 6. Nc3 Be7 7. O-O O-O 8.
h3 Ne5 9. Be2 c5 10. Nb3 a6 11. f4 Nc6 12. Bf3 Rb8 13. Be3 Bd7 14. Rf2 Re8 15.
Rd2 Qc8 16. Bf2 b5 17. g4 b4 18. Ne2 Bf8 19. Ng3 h6 20. Qf1 Na7 21. Qg2 Bc6 22.
Re1 Qc7 23. h4 Nd7 24. Red1 Nb6 25. Na5 Bb5 26. b3 Nbc8 27. Nc4 Nc6 28. Be2 Na5
29. Bd3 Bxc4 30. bxc4 Qb7 31. Nh5 Kh8 32. g5 g6 33. Nf6 Re6 34. Nd5 Bg7 35. f5
Re8 36. f6 Bf8 37. h5 Re5 38. Be3 Nb6 39. Nxb6 Qxb6 40. Bf4 Nc6 41. Qh1 Qd8 42.
Rh2 Kg8 43. Rdd2 Rb7 44. hxg6 fxg6 45. Rxh6 Bxh6 46. Qxh6 Rh7 47. Qxg6+ Kh8 48.
Rh2 Qg8 49. f7 Qxg6 50. f8=Q+ Qg8 51. Rxh7+ 1-0